| 000 | 00739nam a2200217 4500 | ||
|---|---|---|---|
| 001 | 5947 | ||
| 021 | _b223450/05 | ||
| 090 | _a5947 | ||
| 100 | _a20211231d2005 m||y0pory5003 ba | ||
| 200 | 1 |
_aSegurança na estrada _fAngela Weinhold _gtrad. Mercedes Silveira |
|
| 210 |
_aLisboa _cVerbo _d2006 |
||
| 215 |
_a[16] p. _cil. |
||
| 225 | 2 | _aOnde? Como? Porquê? | |
| 330 | _aQual é o significado dos sinais de trânsito? No passeio estou em segurança? Que devo fazer na passadeira? Que devo fazer no autocarro? | ||
| 606 |
_929 _aPublicação para crianças |
||
| 675 |
_a087.5:629 _vmed _zpor |
||
| 700 |
_aWeinhold _bAngela _94709 |
||
| 702 |
_aSilveira _bMercedes _94710 |
||
| 801 | 0 |
_aPT _bBMVN _gRPC |
|
| 830 |
_cInês Silva _d31/12/2021 |
||
| 990 | _cLIVROS | ||